书目信息 |
| 题名: |
生物化学
|
|
| 作者: | 魏述众 主编 | |
| 分册: | ||
| 出版信息: | 北京 中国轻工业出版社 2011.1 |
|
| 页数: | 401页 | |
| 开本: | 26cm | |
| 丛书名: | ||
| 单 册: | ||
| 中图分类: | TQ920.1 | |
| 科图分类: | ||
| 主题词: | 发酵--生物化学 | |
| 电子资源: | ||
| ISBN: | 978-7-5019-1892-8 | |
| 000 | 00661nam0 2200229 45 | |
| 001 | 1356824765 | |
| 005 | 20130514160338.79 | |
| 010 | @a978-7-5019-1892-8@dCNY40.00 | |
| 100 | @a20130108d2011 ekmy0chiy0120 ea | |
| 101 | 0 | @achi |
| 102 | @aCN@b110000 | |
| 105 | @ay z 000yy | |
| 106 | @ar | |
| 200 | 1 | @a生物化学@ASheng Wu Hua Xue@f魏述众主编@FWei Shu Zhong Zhu Bian |
| 210 | @a北京@c中国轻工业出版社@d2011.1 | |
| 215 | @a401页@d26cm | |
| 300 | @a高等学校专业教材@i适用于工业发酵专业 | |
| 606 | 0 | @a发酵@x生物化学 |
| 690 | @aTQ920.1@v5 | |
| 701 | 0 | @a魏述众@AWei Shu Zhong@4主编 |
| 801 | @aCN@bTANGWEI@c20130108 | |
| 905 | @b0830066-70@dTQ920.1@e33@f5 | |
| 生物化学/魏述众主编.-北京:中国轻工业出版社,2011.1 |
| 401页;26cm |
| 高等学校专业教材 |
| ISBN 978-7-5019-1892-8:CNY40.00 |
| ● |
| 相关链接 |
|
|
|
|
正题名:生物化学
索取号:TQ920.1/33
 
预约/预借
| 序号 | 登录号 | 条形码 | 馆藏地/架位号 | 状态 | 备注 |
| 1 | 0830066 | 208300667 | 第二样本阅览室/ [索取号:TQ920.1/33] | 在馆 | |
| 2 | 0830067 | 208300676 | 第三借阅区/ [索取号:TQ920.1/33] | 在馆 | |
| 3 | 0830068 | 208300685 | 第三借阅区/ [索取号:TQ920.1/33] | 在馆 | |
| 4 | 0830069 | 208300694 | 第三借阅区/ [索取号:TQ920.1/33] | 在馆 | |
| 5 | 0830070 | 208300701 | 第三借阅区/ [索取号:TQ920.1/33] | 在馆 |